000 00791nam a2200253Ia 4500
003 OSt
005 20220930193555.0
006 a|||||r|||| 00| 0
007 ta
008 220926b |||||||| |||| 00| 0 eng d
024 _a11691
037 _cDissertations
040 _aCRL
_cCRL
_beng
041 _2eng
_aeng
100 _aPriyadarshan K
_9562452
110 _aUniversity of Delhi. Faculty of Medical Sciences. Department of Surgery
245 0 _aDistal renal tubular acidosis in renal stone formers
260 _c1993
650 _aSURGERY
700 _a Dr M P Arora Supervisor
_9530036
700 _aUniversity of Delhi. Faculty of Medical Sciences. Department of Surgery
942 _cDIS
_2CC
999 _c896657
_d896657